000 00624nam a22002177a 4500
003 UA-OsUOA
001 63966
007 ta
008 20091027b un ||||| |||| 00| 0 ukr d
090 _a821.161.2
_bЗ-69
942 _cBK
040 _aUA-OsUOA
_bukr
_cUA-OsUOA
_dUA-OsUOA
245 _aЗметені вітром історії
_bЗбірник статей, нарисів, памфлетів
300 _a242 с.
955 _a0
041 _aukr
080 _a821.161.2
260 _aК.
_bДніпро
_c1978
650 7 _a82 Література. Літературознавство
_2UDC
999 _c350041
_d350041